000 00198 a2200097 4500
001 42956
100 _aJohn
245 _aThe boss
260 _aLondon
_bArthur barker ltd
_c
090 _c26836
_d26836
942 _aNUST-CAE
_cM
_c18709
999 _c278029
_d278029